Sports Quiz

Random Sports or Cricket Quiz
Score 0/23 Timer 10:00
0 Plays Today
Span Answer % Correct
2000-2004Mark Butcher
79.5%
2018-2020Rory Burns
72%
2019-2020Dom Sibley
69%
2019-2020Zak Crawley
68%
2018-2019Jack Leach
53.5%
2018-2020Ollie Pope
53.4%
2015Adam Lyth
53.4%
2018-2020Dom Bess
50.6%
2016-2019Keaton Jennings
48.5%
2012-2016Nick Compton
44.8%
2014Sam Robson
42.6%
2016Haseeb Hameed
40.5%
Span Answer % Correct
2017-2018Mark Stoneman
39.8%
2017Tom Westley
27.1%
2008Darren Pattinson
25.2%
2013Simon Kerrigan
25.2%
2003Ed Smith
24.3%
2001-2003Richard Dawson
15.8%
2001Usman Afzaal
15.2%
2001Ian Ward
14.5%
2001James Ormond
10.6%
2000Ed Giddins
8.4%
2003-2004Martin Saggers
7.9%
Remove Ads.
Support Sporcle.
Get the best of Sporcle when you Go Orange. This ad-free experience offers more features, more stats, and more fun while also helping to support Sporcle. Thank you for becoming a member.

You're not logged in!

Compare scores with friends on all Sporcle quizzes.
OR
Log In

Show Comments

Extras

Created Nov 24, 2020ReportNominate
Tags:Cricket Quiz

Top Quizzes Today


Score Distribution

Your Account Isn't Verified!

In order to create a playlist on Sporcle, you need to verify the email address you used during registration. Go to your Sporcle Settings to finish the process.

Report this User

Report this user for behavior that violates our Community Guidelines.

Details: